Theory of numbers : A textbook
Đã lưu trong:
| 主要作者: | |
|---|---|
| 格式: | 圖書 |
| 語言: | Undetermined |
| 出版: |
Oxford, UK.
Alpha Science International
2007
|
| 主題: | |
| 標簽: |
添加標簽
沒有標簽, 成為第一個標記此記錄!
|
| Thư viện lưu trữ: | Trung tâm Học liệu Trường Đại học Cần Thơ |
|---|
| LEADER | 00543nam a2200205Ia 4500 | ||
|---|---|---|---|
| 001 | CTU_128351 | ||
| 008 | 210402s9999 xx 000 0 und d | ||
| 020 | |c 853000 | ||
| 082 | |a 512 | ||
| 082 | |b R165 | ||
| 100 | |a Ramachandra, K. | ||
| 245 | 0 | |a Theory of numbers : | |
| 245 | 2 | |b A textbook | |
| 245 | 0 | |c K. Ramachandra | |
| 260 | |a Oxford, UK. | ||
| 260 | |b Alpha Science International | ||
| 260 | |c 2007 | ||
| 650 | |a Number theory.,Lý thuyết số | ||
| 904 | |i Minh | ||
| 980 | |a Trung tâm Học liệu Trường Đại học Cần Thơ | ||